Hoá học biển : Giáo trình dùng cho sinh viên ngành Hải dương học

Guardat en:
Dades bibliogràfiques
Autor principal: Đoàn Bộ
Format: Llibre
Idioma:Vietnamese
Publicat: Đại học quốc gia Hà Nội 2003
Etiquetes: Afegir etiqueta
Sense etiquetes, Sigues el primer a etiquetar aquest registre!
Thư viện lưu trữ: Mạng thư viện Đại học Đà Nẵng
LEADER 00681nam a2200253 4500
001 000021878
003 18326
005 20150423150436.0
008 150423s2003 viesd
020 |c 26300 
041 0 |a vie 
082 1 4 |a 551,4601  |b ĐO-B 
100 1 |a Đoàn Bộ 
245 1 0 |a Hoá học biển : Giáo trình dùng cho sinh viên ngành Hải dương học  |c Đoàn Bộ 
260 |b Đại học quốc gia Hà Nội  |c 2003 
300 |a tr.  |c cm. 
OWN |a LSP 
999 |a From the UDN01 
TYP |a Monograph 
TYP |a Printed language 
980 |a Mạng thư viện Đại học Đà Nẵng